Normal view
MARC view
Entry Personal Name
001 - CONTROL NUMBER
- control field: 12175
003 - CONTROL NUMBER IDENTIFIER
- control field: OSt
005 - DATE AND TIME OF LATEST TRANSACTION
- control field: 20171023164430.0
008 - FIXED-LENGTH DATA ELEMENTS
- fixed length control field: 171023|| aca||aabn | a|a d
040 ## - CATALOGING SOURCE
- Original cataloging agency: OSt
- Transcribing agency: OSt
100 ## - HEADING--PERSONAL NAME
- Personal name: Fiet, James O.
670 ## - SOURCE DATA FOUND
- Source citation: Work cat.: (OSt)5854: Fiet, James O., Prescriptive entrepreneurship /, 2008.
